| 000 | 00697cam a22002413a 4500 | ||
|---|---|---|---|
| 001 | 35968 | ||
| 003 | PGUSA | ||
| 005 | 20140828083755.0 | ||
| 008 | 110426s2011||||xxu|||||s|||||000 | eng d | ||
| 040 |
_aPGUSA _beng |
||
| 042 | _adc | ||
| 100 | 1 | _aArvey, M. Dale | |
| 245 | 1 | 2 |
_aA Check-List of the Birds of Idaho _h[electronic resource] / _cM. Dale Arvey |
| 260 |
_bProject Gutenberg, _c2011 |
||
| 506 | _aPublic domain in the USA. | ||
| 516 | _aElectronic text | ||
| 700 | 1 | _aLane, H. H. | |
| 700 | 1 |
_aHall, E. Raymond _q(Eugene Raymond), _d1902-1986 |
|
| 700 | 1 | _aTaylor, Edward H. | |
| 830 | 0 |
_aProject Gutenberg _v35968 |
|
| 856 | 4 | 0 | _uhttp://www.gutenberg.org/ebooks/35968 |
| 942 | _cEB | ||
| 999 |
_c265223 _d265223 |
||